TEXTBOOK OF SURGERY (Record no. 8476)
[ view plain ]
| 000 -LEADER | |
|---|---|
| fixed length control field | 00331nam a22001577a 4500 |
| 003 - CONTROL NUMBER IDENTIFIER | |
| control field | SGT |
| 020 ## - INTERNATIONAL STANDARD BOOK NUMBER | |
| International Standard Book Number | 978-81-312-3293-4 |
| 082 ## - DEWEY DECIMAL CLASSIFICATION NUMBER | |
| Classification number | 617, S14T |
| 100 ## - MAIN ENTRY--PERSONAL NAME | |
| Personal name | TOWNSEND, C. M. |
| 245 ## - TITLE STATEMENT | |
| Title | TEXTBOOK OF SURGERY |
| 250 ## - EDITION STATEMENT | |
| Edition statement | 19TH |
| 260 ## - PUBLICATION, DISTRIBUTION, ETC. (IMPRINT) | |
| Place of publication, distribution, etc | ASIA |
| Name of publisher, distributor, etc | ELSEVIER |
| Year of Publication | 2014 |
| 300 ## - PAGE DESCRIPTION | |
| No. of Pages | 2129 |
| 650 ## - SUBJECT ADDED ENTRY--TOPICAL TERM | |
| Topical term or geographic name as entry element | SURGERY |
| 942 ## - ADDED ENTRY ELEMENTS (KOHA) | |
| Source of classification or shelving scheme | Dewey Decimal Classification |
| Koha item type | Books |
| 942 ## - ADDED ENTRY ELEMENTS (KOHA) | |
| -- | 1 |
| Withdrawn status | Lost status | Source of classification or shelving scheme | Damaged status | Not for loan | Collection code | Home library | Current library | Shelving location | Date acquired | Vendor Name | Cost, normal purchase price | Volume Information (Serial or Books or Non-Book Material) | SGTU | Bill Number | Total Checkouts | Full call number | Accession No. (Barcode) | Date last seen | Bill Date | Koha item type | Date last borrowed |
|---|---|---|---|---|---|---|---|---|---|---|---|---|---|---|---|---|---|---|---|---|---|
| Dewey Decimal Classification | MEDICAL | SGT Medical Library | SGT Medical Library | Reference Book | 16/03/2016 | AHUJA BOOK COMPANY | 5545.00 | I | SGTU | 5978 | 617, S14T | FM7512 | 16/03/2016 | 14/08/2015 | Books | ||||||
| Dewey Decimal Classification | MEDICAL | SGT Medical Library | SGT Medical Library | Reference Book | 16/03/2016 | AHUJA BOOK COMPANY | 5545.00 | I | SGTU | 5978 | 617, S14T | FM7513 | 16/03/2016 | 14/08/2015 | Books | ||||||
| Dewey Decimal Classification | MEDICAL | SGT Medical Library | SGT Medical Library | Reference Book | 16/03/2016 | AHUJA BOOK COMPANY | 5545.00 | I | SGTU | 5978 | 1 | 617, S14T | FM7514 | 21/10/2022 | 14/08/2015 | Books | 10/10/2022 | ||||
| Dewey Decimal Classification | MEDICAL | SGT Medical Library | SGT Medical Library | Reference Book | 16/03/2016 | AHUJA BOOK COMPANY | 5545.00 | I | SGTU | 5978 | 617, S14T | FM7515 | 16/03/2016 | 14/08/2015 | Books | ||||||
| Dewey Decimal Classification | MEDICAL | SGT Medical Library | SGT Medical Library | Reference Book | 16/03/2016 | AHUJA BOOK COMPANY | II | SGTU | 5978 | 617, S14T | FM7516 | 16/03/2016 | 14/08/2015 | Books | |||||||
| Dewey Decimal Classification | MEDICAL | SGT Medical Library | SGT Medical Library | Reference Book | 16/03/2016 | AHUJA BOOK COMPANY | II | SGTU | 5978 | 617, S14T | FM7517 | 16/03/2016 | 14/08/2015 | Books | |||||||
| Dewey Decimal Classification | MEDICAL | SGT Medical Library | SGT Medical Library | Reference Book | 16/03/2016 | AHUJA BOOK COMPANY | II | SGTU | 5978 | 617, S14T | FM7518 | 07/02/2018 | 14/08/2015 | Books | |||||||
| Dewey Decimal Classification | MEDICAL | SGT Medical Library | SGT Medical Library | Reference Book | 16/03/2016 | AHUJA BOOK COMPANY | II | SGTU | 5978 | 1 | 617, S14T | FM7519 | 15/02/2021 | 14/08/2015 | Books | 23/01/2021 |